000 01133nmm a2200409 a 4500
003 AR-BaBNM
005 20251128210539.0
008 140020s1999 ||||||||||||||000 | spa||
020 _a950-808-247-x
040 _cAR-BaBNM
245 1 0 _aEn los límites de la educación
_bniños y jóvenes del fin de siglo
260 _aRosario
_bHomo Sapiens Ediciones
_c1999
300 0 _a212 p.
500 0 _aContiene referencias bibliográficas
650 4 _aPOLITICA EDUCATIVA
650 4 _aPROSPECCION EDUCACIONAL
650 4 _aIDENTIDAD
650 4 _aSUBJETIVIDAD
650 4 _aPAPEL DE LA ESCUELA
650 4 _aINTEGRACION SOCIAL
650 4 _aPOBREZA
650 4 _aJUVENTUD
650 4 _aEDUCACION Y EMPLEO
650 4 _aMARGINALIDAD SOCIAL
653 0 _aPEDAGOGIA CRITICA
653 0 _aANALISIS DEL DISCURSO
653 0 _aEDUCACION PRIMARIA
653 0 _aMARGINACION EDUCATIVA
700 1 _aPuiggrós, Adriana
700 1 _aDussel, Inés
700 1 _aRedondo, Patricia
700 1 _aMariño, Marcelo
700 1 _aOrellano, Miguel
700 1 _aThisted, Sofía
942 _cBK
998 _cRaquel
999 _c15889
_d15889